Measuring sustainable development macroeconomics and the environment

Salvato in:
Dettagli Bibliografici
Autore principale: Atkinson, Giles
Natura: Libro
Lingua:inglese
Pubblicazione: Cheltenham Edward Elgar 1999
Soggetti:
Tags: Aggiungi Tag
Nessun Tag, puoi essere il primo ad aggiungerne!!

MARC

LEADER 00000nam$a2200000$$$4500
001 0042526
005 20240104132502.5
020 |a 1-84064-198-3 
041 0 |a eng 
044 |a GB 
245 1 0 |a Measuring sustainable development  |b macroeconomics and the environment  |c Giles Atkinson ... [et al.] 
264 1 |a Cheltenham  |b Edward Elgar  |c 1999 
300 |a xv, 252 s. 
610 2 0 |a rozvoj trvalo udržateľný 
610 2 0 |a rozvoj hospodársky 
610 2 0 |a ekonomika environmentálna 
610 2 0 |a makroekonomika 
610 2 0 |a prostredie životné 
610 2 0 |a ukazovatele 
100 1 |a Atkinson, Giles